Estatísticas para Cultura Geral

Clique aqui para jogar o quiz

Estatísticas Gerais

  • Esse quiz foi jogado 17 vezes
  • A pontuação média é 5 de 15

Estatísticas das Respostas

HintResposta% Correto
De quantos em quantos anos é realizada a Copa do Mundo FIFA?4
73%
Com quantos jogadores entra em campo uma equipa de futebol?11
67%
O que representa o círculo vermelho na bandeira japonesa?Sol
60%
De que país fazem parte as Ilhas Galápagos?Equador
53%
Em que cidade fica Harvard?Cambridge
40%
Que empresa conhecida foi fundada em um dormitório de Harvard em 2004?Facebook
40%
Quem canta a música "Black or White"?Michael Jackson
40%
Qual escola é considerada a maior rival de Harvard?Yale
33%
Que outra universidade de elite , além da anterior pode ser encontrada na mesma cidade?MIT
20%
O que significa a sigla UEFA?União das Associações Europeias de Futebol
20%
Que assunto foi estudado por Gauss, Fermat e Poincaré?Matemática
13%
Quem canta a música "Super Bass"?Nicki Minaj
13%
O que significa a sigla FIFA?Federação Internacional de Futebol Associação
7%
De qual liga desportiva Harvard faz parte?Ivy League
7%
Em que país ocorreu o primeiro jogo de futebol feminino?Escócia
0%

Distribuição das Pontuações

Percentil de Números Respondidos

Porcentagem de Pessoas com Cada Pontuação

Sua Pontuação Histórica

Você não jogou esse quiz